000 00282nam a2200109Ia 4500
005 20251222120855.0
008 251222s1900||||xx |||||||||||||| ||spa||
082 _aDVD0080/C36/2007
245 0 _aBeyond the gates.
264 _bCross Pippa. Meurer Jens. Belton David.
942 _cDVD
999 _c2388
_d2388